Gaming Quiz

Random Gaming or Video Games Quiz

Finish the game title Quiz Stats

 Plays Quiz not verified by Sporcle

Challenge
Share
Tweet
Embed
Score 0/13 Timer 05:00
0 Plays Today
Hint Answer % Correct
Call Of Duty (BLANK) ops 3Black
100%
Shadow (BLANK) MordorOf
92.6%
The Legend Of Zelda Skyward (BLANK)Sword
85.2%
Mario (BLANK) 8 DeluxeKart
85.2%
Mad (BLANK)Max
81.5%
Borderlands (BLANK) jack collectionHandsome
77.8%
Battlefield (BLANK) CompanyBad
77.8%
Batman Arkham (BLANK)Knight
74.1%
Just (BLANK)Cause
74.1%
NBA (BLANK)172K
70.4%
For (BLANK)Honor
66.7%
Stardew (BLANK)Valley
66.7%
(BLANK) The RevolutionHomefront
25.9%

You're not logged in!

Compare scores with friends on all Sporcle quizzes.
Join for Free
OR
Log In

You Might Also Like...

Show Comments

Extras

Top Quizzes Today


Score Distribution

Your Account Isn't Verified!

In order to create a playlist on Sporcle, you need to verify the email address you used during registration. Go to your Sporcle Settings to finish the process.

Report this User

Report this user for behavior that violates our Community Guidelines.

Details: